[Event "9. Copa Itau de Xadrez"]
[Site "Sao Paulo BRA"]
[Date "2005.10.01"]
[Round "1.1"]
[White "Vescovi, Giovanni"]
[Black "Nobre, Jose Adalberto"]
[Result "1-0"]
[WhiteElo "2646"]
[BlackElo "1966"]
[PlyCount "71"]
[EventDate "2005.10.02"]
[EventType "swiss"]
[EventRounds "9"]
[EventCountry "BRA"]
[Source "lmi"]
[SourceDate "2005.10.11"]

1. e4 c6 2. d4 d5 3. Nc3 dxe4 4. Nxe4 Bf5 5. Ng3 Bg6 6. h4 h6 7. Nf3 Nd7 8. h5
Bh7 9. Bd3 Bxd3 10. Qxd3 Ngf6 11. Bf4 e6 12. O-O-O Qa5 13. Kb1 O-O-O 14. Qe2
Nd5 15. Bd2 Qc7 16. c4 N5f6 17. Ne4 Nxe4 18. Qxe4 Nf6 19. Qe2 Kb8 20. g3 Ka8
21. Bc3 Be7 22. Ne5 Rhf8 23. g4 Nh7 24. f4 Bd6 25. Qc2 Bxe5 26. dxe5 Rxd1+ 27.
Rxd1 Rd8 28. Bb4 Rxd1+ 29. Qxd1 b6 30. Bd6 Qd8 31. Qf3 Kb7 32. b4 Nf8 33. b5
Qc8 34. Qxc6+ Qxc6 35. bxc6+ Kxc6 36. Bxf8 1-0

[Event "9. Copa Itau de Xadrez"]
[Site "Sao Paulo BRA"]
[Date "2005.10.01"]
[Round "1.2"]
[White "Hasegawa, Fernando"]
[Black "Felgaer, Ruben"]
[Result "0-1"]
[WhiteElo "1959"]
[BlackElo "2636"]
[PlyCount "66"]
[EventDate "2005.10.02"]
[EventType "swiss"]
[EventRounds "9"]
[EventCountry "BRA"]
[Source "lmi"]
[SourceDate "2005.10.11"]

1. d4 Nf6 2. c4 g6 3. Nc3 Bg7 4. e4 d6 5. f3 O-O 6. Bg5 a6 7. Nge2 c6 8. a4
Nbd7 9. Ng3 Qa5 10. Qd2 e5 11. d5 Nc5 12. Qc2 cxd5 13. exd5 b5 14. Bxf6 Bxf6
15. cxb5 Bh4 16. bxa6 f5 17. Kd2 Bxa6 18. Bxa6 Rxa6 19. Rhb1 Qb4 20. Ra3 e4 21.
fxe4 fxe4 22. Rf1 Bg5+ 23. Kd1 Qd4+ 24. Ke2 Qc4+ 25. Ke1 Nd3+ 26. Kd1 Nxb2+ 27.
Ke1 Nd3+ 28. Kd1 Rb8 29. Ra2 Nb4 30. Qb2 Qd4+ 31. Ke2 Rc8 32. Ra3 Qd3+ 33. Kf2
Qe3# 0-1

[Event "9. Copa Itau de Xadrez"]
[Site "Sao Paulo BRA"]
[Date "2005.10.01"]
[Round "1.3"]
[White "Milos, Gilberto"]
[Black "Celkevicius, Roberto"]
[Result "1-0"]
[WhiteElo "2620"]
[BlackElo "1955"]
[PlyCount "67"]
[EventDate "2005.10.02"]
[EventType "swiss"]
[EventRounds "9"]
[EventCountry "BRA"]
[Source "lmi"]
[SourceDate "2005.10.11"]

1. e4 e5 2. Nf3 Nc6 3. Bb5 a6 4. Ba4 Nf6 5. O-O Nxe4 6. d4 b5 7. Bb3 d5 8. dxe5
Be6 9. Be3 Be7 10. c3 O-O 11. Nbd2 Na5 12. Bc2 Nxd2 13. Qxd2 Qd7 14. Qd3 g6 15.
Bh6 Rfd8 16. Nd4 c5 17. Nxe6 fxe6 18. Qg3 Bf8 19. Bg5 Be7 20. Bf4 Qe8 21. h4
Kh8 22. Rae1 d4 23. Bh6 Bf8 24. Bg5 Rd7 25. Be4 Rc8 26. h5 gxh5 27. f4 Rf7 28.
Qh3 Nc4 29. Qxh5 Ne3 30. Bf6+ Kg8 31. Rf3 Nf5 32. Bxf5 exf5 33. Qxf5 Bg7 34.
Rg3 1-0

[Event "9. Copa Itau de Xadrez"]
[Site "Sao Paulo BRA"]
[Date "2005.10.01"]
[Round "1.4"]
[White "Nobre, Jailson"]
[Black "Leitao, Rafael"]
[Result "0-1"]
[WhiteElo "1954"]
[BlackElo "2586"]
[PlyCount "60"]
[EventDate "2005.10.02"]
[EventType "swiss"]
[EventRounds "9"]
[EventCountry "BRA"]
[Source "lmi"]
[SourceDate "2005.10.11"]

1. d4 Nf6 2. c4 e6 3. Nf3 c5 4. d5 exd5 5. cxd5 d6 6. Nc3 g6 7. e4 a6 8. Be2 b5
9. Bg5 Bg7 10. O-O h6 11. Bxf6 Qxf6 12. e5 dxe5 13. Ne4 Qb6 14. Rc1 Nd7 15. Qc2
Bb7 16. Nxc5 Nxc5 17. Qxc5 Qxc5 18. Rxc5 e4 19. Nd2 Bd4 20. Rc7 Bxd5 21. b3 e3
22. Nf3 exf2+ 23. Kh1 Bb6 24. Rc3 O-O 25. Nd2 Rad8 26. Bf3 Rfe8 27. Bxd5 Rxd5
28. Nf3 Re2 29. Rc6 Be3 30. Rxa6 Re1 0-1

[Event "9. Copa Itau de Xadrez"]
[Site "Sao Paulo BRA"]
[Date "2005.10.01"]
[Round "1.6"]
[White "Bambino Fo, Antonio Carlos"]
[Black "Rodriguez, Andres"]
[Result "0-1"]
[WhiteElo "1936"]
[BlackElo "2479"]
[PlyCount "58"]
[EventDate "2005.10.02"]
[EventType "swiss"]
[EventRounds "9"]
[EventCountry "BRA"]
[Source "lmi"]
[SourceDate "2005.10.11"]

1. e4 e6 2. Qe2 Nf6 3. g3 d5 4. e5 Nfd7 5. Bg2 c5 6. f4 Be7 7. Nf3 O-O 8. O-O
Nc6 9. d3 b5 10. Kh1 a5 11. c3 b4 12. Nbd2 Nb6 13. c4 a4 14. Rb1 Qd7 15. b3 Bb7
16. cxd5 Nxd5 17. Ne4 axb3 18. axb3 Nd4 19. Nxd4 cxd4 20. Qh5 Nc3 21. Rb2 Ra1
22. Rbf2 Nxe4 23. dxe4 Rc8 24. Bd2 Rxf1+ 25. Rxf1 Rc2 26. Qd1 d3 27. Qe1 Qd4
28. f5 Bc8 29. fxe6 fxe6 0-1

[Event "9. Copa Itau de Xadrez"]
[Site "Sao Paulo BRA"]
[Date "2005.10.01"]
[Round "1.7"]
[White "Matsuura, Everaldo"]
[Black "Yamamoto, Paulo"]
[Result "1-0"]
[WhiteElo "2453"]
[BlackElo "1932"]
[PlyCount "51"]
[EventDate "2005.10.02"]
[EventType "swiss"]
[EventRounds "9"]
[EventCountry "BRA"]
[Source "lmi"]
[SourceDate "2005.10.11"]

1. e4 d5 2. exd5 Nf6 3. Bb5+ Bd7 4. Be2 Nxd5 5. d4 g6 6. c4 Nb6 7. h3 Bg7 8.
Nf3 O-O 9. Nc3 e6 10. Bg5 Qc8 11. Qd2 Re8 12. O-O c5 13. Ne4 Qc6 14. Nf6+ Bxf6
15. Bxf6 Qd6 16. b4 Qf8 17. dxc5 Nc8 18. Ne5 Ba4 19. b5 Qxc5 20. Ng4 e5 21.
Bxe5 Rxe5 22. Nxe5 Qxe5 23. Qd8+ Kg7 24. Qxc8 Qxe2 25. Qxb7 Nd7 26. Qxa8 1-0

[Event "9. Copa Itau de Xadrez"]
[Site "Sao Paulo BRA"]
[Date "2005.10.03"]
[Round "2.1"]
[White "Gerbelli Neto, Eduardo"]
[Black "Vescovi, Giovanni"]
[Result "0-1"]
[WhiteElo "2646"]
[BlackElo "2646"]
[PlyCount "56"]
[EventDate "2005.10.02"]
[EventType "swiss"]
[EventRounds "9"]
[EventCountry "BRA"]
[Source "lmi"]
[SourceDate "2005.10.11"]

1. e4 c5 2. Nc3 e6 3. f4 d5 4. Nf3 dxe4 5. Nxe4 Be7 6. Bb5+ Bd7 7. Bxd7+ Nxd7
8. O-O Ngf6 9. d3 O-O 10. Qe2 Qc7 11. Bd2 Qb6 12. c4 Qxb2 13. Rab1 Qa3 14. Rxb7
Qa6 15. Rfb1 Rab8 16. Rxb8 Nxb8 17. Bc3 Nxe4 18. Qxe4 Nc6 19. Rb5 h6 20. f5
exf5 21. Qxf5 Nd8 22. Qd7 Bf6 23. Bxf6 Qxf6 24. Qxa7 Re8 25. Qd7 Re2 26. h3 Ne6
27. Rxc5 Qg6 28. g4 Nxc5 0-1

[Event "9. Copa Itau de Xadrez"]
[Site "Sao Paulo BRA"]
[Date "2005.10.03"]
[Round "2.2"]
[White "Felgaer, Ruben"]
[Black "Carvalho, Herbert"]
[Result "1-0"]
[WhiteElo "2636"]
[BlackElo "2194"]
[PlyCount "55"]
[EventDate "2005.10.02"]
[EventType "swiss"]
[EventRounds "9"]
[EventCountry "BRA"]
[Source "lmi"]
[SourceDate "2005.10.11"]

1. e4 e5 2. Nf3 d6 3. d4 Nd7 4. Bc4 Be7 5. dxe5 Nb6 6. Bb3 Bg4 7. Nc3 Bh5 8.
Bf4 dxe5 9. Qxd8+ Rxd8 10. Bxe5 Bf6 11. Bxc7 Bxc3+ 12. bxc3 Rc8 13. Be5 Nf6 14.
Nd4 Nxe4 15. Nf5 Bg6 16. Nxg7+ Ke7 17. g4 Rhd8 18. h4 Nxc3 19. h5 Be4 20. Rh3
Ncd5 21. O-O-O Nc4 22. Re1 Nxe5 23. Rxe4 Kf6 24. h6 Nc6 25. f4 Na5 26. Rh1
Nxb3+ 27. axb3 Nc3 28. g5+ 1-0

[Event "9. Copa Itau de Xadrez"]
[Site "Sao Paulo BRA"]
[Date "2005.10.03"]
[Round "2.3"]
[White "Durao, Joaquim"]
[Black "Milos, Gilberto"]
[Result "0-1"]
[WhiteElo "2181"]
[BlackElo "2620"]
[PlyCount "86"]
[EventDate "2005.10.02"]
[EventType "swiss"]
[EventRounds "9"]
[EventCountry "BRA"]
[Source "lmi"]
[SourceDate "2005.10.11"]

1. e4 c5 2. Nf3 Nc6 3. g3 Nf6 4. Nc3 g6 5. Bg2 Bg7 6. O-O O-O 7. d3 d6 8. Be3
Rb8 9. Qc1 Re8 10. Bh6 Bh8 11. h3 b5 12. a3 a5 13. Nd5 b4 14. axb4 axb4 15. Bg5
Nxd5 16. exd5 Na5 17. Nd2 Bb7 18. Re1 Ra8 19. c4 Bg7 20. Rb1 h6 21. Bf4 Qd7 22.
b3 g5 23. Be3 e6 24. Kh2 exd5 25. cxd5 Re7 26. Qd1 Rae8 27. Qh5 Re5 28. Ra1 Qd8
29. Nc4 Nxc4 30. bxc4 Bc8 31. Ra7 Bd7 32. Qd1 Bf5 33. Qb3 R5e7 34. Ra6 Bc3 35.
Rd1 Rxe3 36. fxe3 Rxe3 37. Qa4 Qf6 38. Qb5 Be5 39. Ra8+ Kh7 40. Qb8 Qg7 41. Kh1
Rxg3 42. d4 Rxg2 43. dxe5 Be4 0-1

[Event "9. Copa Itau de Xadrez"]
[Site "Sao Paulo BRA"]
[Date "2005.10.03"]
[Round "2.4"]
[White "Leitao, Rafael"]
[Black "Name, Ricardo"]
[Result "1-0"]
[WhiteElo "2586"]
[BlackElo "2179"]
[PlyCount "37"]
[EventDate "2005.10.02"]
[EventType "swiss"]
[EventRounds "9"]
[EventCountry "BRA"]
[Source "lmi"]
[SourceDate "2005.10.11"]

1. d4 e6 2. c4 d5 3. Nc3 c6 4. e3 Bd6 5. Bd3 a6 6. Nf3 Nd7 7. e4 dxc4 8. Bxc4
b5 9. Bb3 b4 10. Na4 a5 11. O-O Ne7 12. Bg5 h6 13. Bh4 g5 14. Bg3 Bxg3 15. fxg3
Ba6 16. Rf2 g4 17. Nh4 Rg8 18. Qd2 Rg5 19. Qf4 1-0

[Event "9. Copa Itau de Xadrez"]
[Site "Sao Paulo BRA"]
[Date "2005.10.03"]
[Round "2.5"]
[White "Vallejos, Jose Adolfo"]
[Black "Lima, Darcy"]
[Result "0-1"]
[WhiteElo "2166"]
[BlackElo "2529"]
[PlyCount "72"]
[EventDate "2005.10.02"]
[EventType "swiss"]
[EventRounds "9"]
[EventCountry "BRA"]
[Source "lmi"]
[SourceDate "2005.10.11"]

1. d4 Nf6 2. Nf3 e6 3. Bg5 c5 4. c3 d5 5. e3 Nbd7 6. Bd3 Qc7 7. Nbd2 c4 8. Bc2
b5 9. a4 b4 10. cxb4 Bxb4 11. O-O Bb7 12. Bf4 Bd6 13. Bxd6 Qxd6 14. Qb1 O-O 15.
Rc1 Rab8 16. e4 dxe4 17. Nxc4 Qf4 18. Nfe5 Nxe5 19. Nxe5 e3 20. f3 Qxd4 21. Nd3
Ba6 22. b3 Rfd8 23. Ne1 Qd2 24. h3 Qf2+ 25. Kh2 Rd2 26. Bxh7+ Nxh7 27. Qe4 Nf6
28. Qe5 Rbd8 29. b4 Bf1 30. Qg3 Qxg3+ 31. Kxg3 Nh5+ 32. Kh4 Nf4 33. g3 Ng6+ 34.
Kg4 R2d4+ 35. f4 Be2+ 36. Nf3 Ne5+ 0-1

[Event "9. Copa Itau de Xadrez"]
[Site "Sao Paulo BRA"]
[Date "2005.10.03"]
[Round "2.6"]
[White "Rodriguez, Andres"]
[Black "Camara, Terbio"]
[Result "1-0"]
[WhiteElo "2479"]
[BlackElo "2164"]
[PlyCount "81"]
[EventDate "2005.10.02"]
[EventType "swiss"]
[EventRounds "9"]
[EventCountry "BRA"]
[Source "lmi"]
[SourceDate "2005.10.11"]

1. e4 c5 2. Nf3 d6 3. d4 cxd4 4. Nxd4 Nf6 5. f3 e5 6. Bb5+ Nbd7 7. Nf5 d5 8.
exd5 a6 9. Ba4 b5 10. Bb3 Nb6 11. Ne3 Bb7 12. Nc3 Bc5 13. Qd3 O-O 14. Ne4 Rc8
15. Nxc5 Rxc5 16. O-O Nbxd5 17. Rd1 Qc7 18. Nxd5 Bxd5 19. c3 Rc8 20. Be3 Bc4
21. Qd6 Rd5 22. Qxa6 Rcd8 23. Rxd5 Nxd5 24. Qa7 Qxa7 25. Bxa7 Nf4 26. Be3 Nd3
27. Rd1 Bxb3 28. axb3 f5 29. c4 b4 30. Bb6 Rd7 31. Ba5 e4 32. fxe4 fxe4 33.
Bxb4 e3 34. Bc3 g5 35. b4 g4 36. c5 Nxc5 37. Rxd7 Nxd7 38. Bd4 Kf7 39. b5 Ke6
40. Bxe3 Kd5 41. Kf2 1-0

[Event "9. Copa Itau de Xadrez"]
[Site "Sao Paulo BRA"]
[Date "2005.10.03"]
[Round "2.7"]
[White "Schutt, Ricardo"]
[Black "Matsuura, Everaldo"]
[Result "0-1"]
[WhiteElo "2453"]
[BlackElo "2453"]
[PlyCount "88"]
[EventDate "2005.10.02"]
[EventType "swiss"]
[EventRounds "9"]
[EventCountry "BRA"]
[Source "lmi"]
[SourceDate "2005.10.11"]

1. e4 c5 2. Nf3 g6 3. Be2 Bg7 4. O-O Nf6 5. d3 d5 6. Nbd2 Nc6 7. c3 e5 8. a3 a5
9. a4 O-O 10. Qc2 d4 11. Nc4 Ne8 12. Re1 Be6 13. cxd4 Nb4 14. Qb3 cxd4 15. Bd2
Bxc4 16. dxc4 Qe7 17. Bxb4 axb4 18. a5 Nf6 19. Bd3 Rfc8 20. Ra4 Bf8 21. Rea1
Nd7 22. Ne1 Qd8 23. Bf1 Nc5 24. Qxb4 d3 25. Qd2 Nxa4 26. Rxa4 Qd4 27. Bxd3 Rd8
28. Qc2 Rac8 29. b4 Rc6 30. c5 Rf6 31. Bc4 Qd1 32. Qxd1 Rxd1 33. Kf1 Bh6 34.
Ra2 Bd2 35. Ke2 Rxe1+ 36. Kxd2 Rxe4 37. Kc3 Rff4 38. Bd5 Rxb4 39. a6 bxa6 40.
c6 Rb5 41. g3 Rd4 42. Bg2 Rc5+ 43. Kb3 a5 44. Re2 f5 0-1

[Event "9. Copa Itau de Xadrez"]
[Site "Sao Paulo BRA"]
[Date "2005.10.03"]
[Round "2.9"]
[White "Gallo Ponce, Elbert"]
[Black "Fier, Alexandr"]
[Result "0-1"]
[WhiteElo "2147"]
[BlackElo "2443"]
[PlyCount "82"]
[EventDate "2005.10.02"]
[EventType "swiss"]
[EventRounds "9"]
[EventCountry "BRA"]
[Source "lmi"]
[SourceDate "2005.10.11"]

1. Nf3 Nf6 2. c4 e6 3. Nc3 b6 4. g3 Bb7 5. Bg2 c5 6. O-O Be7 7. Re1 O-O 8. e4
d6 9. d4 cxd4 10. Nxd4 Qc8 11. Be3 Rd8 12. Rc1 Nbd7 13. h3 a6 14. Qe2 Qc7 15.
f4 Rac8 16. b3 Qb8 17. Bf2 Qa8 18. f5 e5 19. Nf3 b5 20. Nd2 bxc4 21. Nxc4 a5
22. a4 Qa6 23. Nb6 Qxe2 24. Rxe2 Rb8 25. Nxd7 Rxd7 26. Rb1 Ba6 27. Reb2 Rdb7
28. Bf1 Bxf1 29. Kxf1 Rb4 30. Nd5 Nxd5 31. exd5 Bd8 32. Rc1 Kf8 33. Rcb1 g6 34.
fxg6 hxg6 35. Ke2 f5 36. h4 Re4+ 37. Kf3 Ke7 38. Be3 Kd7 39. Ra2 Reb4 40. Ra3
Bb6 41. Bxb6 R8xb6 0-1

[Event "9. Copa Itau de Xadrez"]
[Site "Sao Paulo BRA"]
[Date "2005.10.04"]
[Round "3.1"]
[White "Vescovi, Giovanni"]
[Black "Santos, Marcus Vinicius M"]
[Result "1-0"]
[WhiteElo "2646"]
[BlackElo "2353"]
[PlyCount "121"]
[EventDate "2005.10.02"]
[EventType "swiss"]
[EventRounds "9"]
[EventCountry "BRA"]
[Source "lmi"]
[SourceDate "2005.10.11"]

1. e4 e5 2. Nf3 Nc6 3. Bb5 a6 4. Ba4 Nf6 5. O-O Be7 6. Re1 b5 7. Bb3 O-O 8. d3
Bb7 9. c3 d5 10. exd5 Nxd5 11. Nxe5 Nxe5 12. Rxe5 Bf6 13. Re1 c5 14. Nd2 Qc7
15. Ne4 Be5 16. Qh5 Rae8 17. Bd2 h6 18. d4 cxd4 19. cxd4 Nf6 20. Nxf6+ Bxf6 21.
Bb4 Be7 22. Bxe7 Rxe7 23. Rxe7 Qxe7 24. Qe5 Qd7 25. Re1 Rd8 26. h3 Bd5 27. Bxd5
Qxd5 28. Qxd5 Rxd5 29. Rd1 Kf8 30. Kf1 Ke7 31. Ke2 Rd7 32. Kd3 Kd6 33. Rd2 Rd8
34. g4 Re8 35. Re2 Rc8 36. h4 Rc1 37. h5 g6 38. hxg6 fxg6 39. f3 Rh1 40. Re8
Rd1+ 41. Kc3 Rf1 42. Ra8 Rxf3+ 43. Kb4 Rf2 44. Rxa6+ Kd5 45. b3 Rg2 46. Rxg6
Rxa2 47. Kxb5 Kxd4 48. Rxh6 Kd5 49. b4 Ra8 50. g5 Rg8 51. Rc6 Rb8+ 52. Rb6 Rg8
53. g6 Rg7 54. Ka6 Kc4 55. b5 Kc5 56. Rf6 Kd5 57. b6 Ke5 58. Rc6 Kd5 59. Kb5
Re7 60. Rc7 Re1 61. g7 1-0

[Event "9. Copa Itau de Xadrez"]
[Site "Sao Paulo BRA"]
[Date "2005.10.04"]
[Round "3.3"]
[White "Milos, Gilberto"]
[Black "Lujan, Carolina"]
[Result "1/2-1/2"]
[WhiteElo "2620"]
[BlackElo "2322"]
[PlyCount "83"]
[EventDate "2005.10.02"]
[EventType "swiss"]
[EventRounds "9"]
[EventCountry "BRA"]
[Source "lmi"]
[SourceDate "2005.10.11"]

1. c4 Nf6 2. Nc3 d5 3. cxd5 Nxd5 4. g3 g6 5. Bg2 Nxc3 6. bxc3 Bg7 7. Rb1 Nc6 8.
Nf3 O-O 9. O-O Na5 10. Qc2 c5 11. Ng5 h6 12. Ne4 Bf5 13. c4 b6 14. d3 Nc6 15.
Nf6+ exf6 16. Bxc6 Bh3 17. Re1 Rc8 18. Bd5 Re8 19. a4 Be6 20. Bf3 Bd7 21. a5
Bc6 22. Bxc6 Rxc6 23. axb6 axb6 24. Ra1 Rce6 25. Ra7 f5 26. Kf1 R8e7 27. Ra6
Qc8 28. Ra2 Qc6 29. Kg1 Kh7 30. Be3 Rxe3 31. fxe3 Rxe3 32. Qa4 Qd6 33. Qa8 Bd4
34. Kg2 f4 35. Rf1 Qe6 36. Rf2 Re5 37. Rxf4 Rxe2+ 38. Rxe2 Qxe2+ 39. Kh3 Qh5+
40. Kg2 Qe2+ 41. Kh3 Qh5+ 42. Kg2 1/2-1/2

[Event "9. Copa Itau de Xadrez"]
[Site "Sao Paulo BRA"]
[Date "2005.10.04"]
[Round "3.4"]
[White "El Debs, Felipe"]
[Black "Leitao, Rafael"]
[Result "1/2-1/2"]
[WhiteElo "2341"]
[BlackElo "2586"]
[PlyCount "50"]
[EventDate "2005.10.02"]
[EventType "swiss"]
[EventRounds "9"]
[EventCountry "BRA"]
[Source "lmi"]
[SourceDate "2005.10.11"]

1. Nf3 Nf6 2. c4 e6 3. g3 d5 4. d4 Bb4+ 5. Bd2 Be7 6. Bg2 O-O 7. O-O c6 8. Qc2
b6 9. Bf4 Bb7 10. Nbd2 Nh5 11. Rac1 Nd7 12. cxd5 Nxf4 13. gxf4 cxd5 14. Qa4 a6
15. Rc2 Rc8 16. Rfc1 Rxc2 17. Rxc2 Bd6 18. e3 f6 19. Qb3 Qe7 20. Nf1 g5 21.
fxg5 fxg5 22. e4 dxe4 23. Nxg5 Bd5 24. Qa4 Nf6 25. Qxa6 Ng4 1/2-1/2

[Event "9. Copa Itau de Xadrez"]
[Site "Sao Paulo BRA"]
[Date "2005.10.04"]
[Round "3.6"]
[White "Maia, Luciano"]
[Black "Rodriguez, Andres"]
[Result "1/2-1/2"]
[WhiteElo "2290"]
[BlackElo "2479"]
[PlyCount "85"]
[EventDate "2005.10.02"]
[EventType "swiss"]
[EventRounds "9"]
[EventCountry "BRA"]
[Source "lmi"]
[SourceDate "2005.10.11"]

1. d4 f5 2. g3 Nf6 3. Bg2 g6 4. c3 Bg7 5. Nd2 Nc6 6. b4 e6 7. Ngf3 O-O 8. O-O
a6 9. Re1 d5 10. Nb3 Ne4 11. Qc2 a5 12. b5 Na7 13. a4 c6 14. c4 dxc4 15. Qxc4
cxb5 16. axb5 Nd6 17. Qd3 Naxb5 18. Bg5 Qb6 19. Reb1 Ne4 20. Nc5 Nxc5 21. Rxb5
Nxd3 22. Rxb6 Nc5 23. Rb5 Ne4 24. e3 a4 25. Rb4 h6 26. Bf4 Nc3 27. Bf1 Bd7 28.
Rxb7 Bc6 29. Rc7 Rfc8 30. Rxc8+ Rxc8 31. Ne5 g5 32. Nxc6 Rxc6 33. Be5 Bxe5 34.
dxe5 g4 35. Bd3 Rc5 36. Ra3 Kg7 37. Kf1 h5 38. Ke1 Kg6 39. Kd2 Ne4+ 40. Bxe4
fxe4 41. Rxa4 Kf5 42. Ra1 Kxe5 43. Ke2 1/2-1/2

[Event "9. Copa Itau de Xadrez"]
[Site "Sao Paulo BRA"]
[Date "2005.10.04"]
[Round "3.7"]
[White "Matsuura, Everaldo"]
[Black "Aranha, Alvaro"]
[Result "1-0"]
[WhiteElo "2453"]
[BlackElo "2264"]
[PlyCount "63"]
[EventDate "2005.10.02"]
[EventType "swiss"]
[EventRounds "9"]
[EventCountry "BRA"]
[Source "lmi"]
[SourceDate "2005.10.11"]

1. e4 e5 2. Nc3 Nf6 3. g3 d5 4. exd5 Nxd5 5. Bg2 Nxc3 6. bxc3 Bd6 7. Nf3 O-O 8.
O-O c6 9. Re1 Bg4 10. h3 Bxf3 11. Qxf3 f5 12. Rb1 e4 13. Qe2 Qc7 14. d3 Nd7 15.
dxe4 Rae8 16. f4 fxe4 17. Qc4+ Kh8 18. Rxe4 Nc5 19. Rxe8 Rxe8 20. Bd2 Re6 21.
Re1 Rxe1+ 22. Bxe1 Qe7 23. Bf2 h6 24. Bf3 Ne6 25. Bg4 Nc5 26. Qe2 Qf7 27. Bd4
Kh7 28. h4 Qxa2 29. Bf5+ g6 30. Qe8 gxf5 31. Qh8+ Kg6 32. Qf6+ 1-0

[Event "9. Copa Itau de Xadrez"]
[Site "Sao Paulo BRA"]
[Date "2005.10.04"]
[Round "3.9"]
[White "Fier, Alexandr"]
[Black "Bouwman, Marcelo"]
[Result "1-0"]
[WhiteElo "2443"]
[BlackElo "2252"]
[PlyCount "43"]
[EventDate "2005.10.02"]
[EventType "swiss"]
[EventRounds "9"]
[EventCountry "BRA"]
[Source "lmi"]
[SourceDate "2005.10.11"]

1. e4 e6 2. d4 d5 3. Nc3 Bb4 4. Nge2 Nc6 5. a3 Ba5 6. e5 f6 7. b4 Bb6 8. b5
Nce7 9. Na4 c6 10. Nf4 Bd7 11. bxc6 Nxc6 12. Qh5+ Kf8 13. Nxb6 Qxb6 14. c3 fxe5
15. dxe5 Qc7 16. Nd3 Nd4 17. Rb1 Nb5 18. a4 Nxc3 19. Ba3+ Ne7 20. Rc1 b6 21.
Qg4 Be8 22. Bxe7+ 1-0

[Event "9. Copa Itau de Xadrez"]
[Site "Sao Paulo BRA"]
[Date "2005.10.05"]
[Round "4.1"]
[White "Disconzi da Silva, Rodrigo"]
[Black "Vescovi, Giovanni"]
[Result "0-1"]
[WhiteElo "2389"]
[BlackElo "2646"]
[PlyCount "48"]
[EventDate "2005.10.02"]
[EventType "swiss"]
[EventRounds "9"]
[EventCountry "BRA"]
[Source "lmi"]
[SourceDate "2005.10.11"]

1. d4 Nf6 2. c4 e6 3. Nf3 d5 4. Nc3 dxc4 5. Bg5 Bb4 6. e4 c5 7. Bxc4 cxd4 8.
Nxd4 Bxc3+ 9. bxc3 Qa5 10. Bxf6 Qxc3+ 11. Kf1 gxf6 12. Rc1 Qa5 13. h4 Nc6 14.
Nxc6 bxc6 15. Qd6 Bb7 16. Bxe6 Rd8 17. Qf4 fxe6 18. Qxf6 Kd7 19. Rh3 Qxa2 20.
Ra1 Qc4+ 21. Kg1 Kc8 22. Rxa7 Rhg8 23. Qe5 Rd1+ 24. Kh2 Rh1+ 0-1

[Event "9. Copa Itau de Xadrez"]
[Site "Sao Paulo BRA"]
[Date "2005.10.05"]
[Round "4.2"]
[White "De Souza, Mauro Guimaraes"]
[Black "Matsuura, Everaldo"]
[Result "1-0"]
[WhiteElo "2378"]
[BlackElo "2453"]
[PlyCount "85"]
[EventDate "2005.10.02"]
[EventType "swiss"]
[EventRounds "9"]
[EventCountry "BRA"]
[Source "lmi"]
[SourceDate "2005.10.11"]

1. d4 Nf6 2. Nf3 c5 3. d5 e6 4. Nc3 d6 5. e4 e5 6. Be2 g6 7. Nd2 Bg7 8. a4 O-O
9. O-O Ne8 10. Nc4 Nd7 11. a5 Qe7 12. Ra3 f5 13. exf5 gxf5 14. f4 Kh8 15. Kh1
exf4 16. Bxf4 Ne5 17. Re1 Qf6 18. Nxe5 dxe5 19. Bxe5 Qxe5 20. Bh5 Qd6 21. Bxe8
f4 22. Nb5 Qd8 23. d6 Rxe8 24. Rxe8+ Qxe8 25. Nc7 Bg4 26. Qd2 Qe5 27. Nxa8 Qxb2
28. Qe1 h5 29. Rd3 Qxc2 30. Rd2 Qc3 31. h3 Bd7 32. Qd1 Kg8 33. Nc7 c4 34. Nd5
Qxa5 35. Ne7+ Kf8 36. Qc2 Ke8 37. Rd1 Qa4 38. Qg6+ Kd8 39. Rf1 Be5 40. Nd5 Bb2
41. Re1 f3 42. gxf3 Bxh3 43. Qg8+ 1-0

[Event "9. Copa Itau de Xadrez"]
[Site "Sao Paulo BRA"]
[Date "2005.10.05"]
[Round "4.3"]
[White "Hungaski, Robert"]
[Black "Fier, Alexandr"]
[Result "1-0"]
[WhiteElo "2371"]
[BlackElo "2443"]
[PlyCount "91"]
[EventDate "2005.10.02"]
[EventType "swiss"]
[EventRounds "9"]
[EventCountry "BRA"]
[Source "lmi"]
[SourceDate "2005.10.11"]

1. e4 c5 2. Nf3 d6 3. d4 cxd4 4. Nxd4 Nf6 5. Nc3 Nc6 6. Bg5 e6 7. Qd2 a6 8.
O-O-O Bd7 9. f4 b5 10. Bxf6 gxf6 11. Nf3 b4 12. Ne2 Qb6 13. Ng3 h5 14. h4 a5
15. Kb1 a4 16. Bc4 Na5 17. Bd3 Qc5 18. e5 Bc6 19. exf6 O-O-O 20. Ng5 Rd7 21.
Qe2 a3 22. N3e4 Qb6 23. b3 d5 24. Ng3 Bd6 25. Qd2 Bc5 26. Ne2 Be3 27. Qe1 Kb8
28. Nf3 Rc7 29. Rh3 Bf2 30. Qd2 Be3 31. Qe1 Rhc8 32. Ne5 d4 33. Rg3 Bd5 34. Rg7
Rf8 35. g4 hxg4 36. h5 Nc6 37. Nxg4 Bf3 38. h6 e5 39. h7 e4 40. Bc4 Rcc8 41.
Nxe3 d3 42. Nd5 dxe2 43. Nxb6 exd1=Q+ 44. Qxd1 Bxd1 45. Nxc8 Rh8 46. Nd6 1-0

[Event "9. Copa Itau de Xadrez"]
[Site "Sao Paulo BRA"]
[Date "2005.10.05"]
[Round "4.4"]
[White "Marques, Vinicius"]
[Black "Crosa, Martin"]
[Result "0-1"]
[WhiteElo "2360"]
[BlackElo "2419"]
[PlyCount "112"]
[EventDate "2005.10.02"]
[EventType "swiss"]
[EventRounds "9"]
[EventCountry "BRA"]
[Source "lmi"]
[SourceDate "2005.10.11"]

1. Nf3 f5 2. d3 Nf6 3. c4 d6 4. Nc3 e5 5. g3 h6 6. Nh4 Nc6 7. Ng6 Rg8 8. Bg2
Kf7 9. Nxf8 Rxf8 10. O-O Kg8 11. f4 Be6 12. Nd5 e4 13. dxe4 fxe4 14. b3 Bxd5
15. cxd5 Nb4 16. Qd2 Nbxd5 17. Bxe4 c6 18. Bf3 Qb6+ 19. Kh1 Rae8 20. Bb2 Ne4
21. Qd4 Qxd4 22. Bxd4 c5 23. Bg1 Ndc3 24. Rfc1 a5 25. Rc2 b5 26. a3 b4 27. Bh5
Rb8 28. Bg6 Rf6 29. Bxe4 Nxe4 30. axb4 axb4 31. Kg2 Re8 32. Bf2 g5 33. Ra6 gxf4
34. gxf4 Nxf2 35. Kxf2 Rxf4+ 36. Kg3 Rd4 37. e4 Rexe4 38. Rf2 Rg4+ 39. Kh3 Rh4+
40. Kg2 Rdg4+ 41. Kh1 Rf4 42. Re2 Re4 43. Rf2 Rhf4 44. Rd2 Re6 45. Ra7 Rf3 46.
Kg2 Rf7 47. Ra8+ Kg7 48. Rd3 Rg6+ 49. Kh3 Rd7 50. Re3 Kf7 51. Rh8 Kg7 52. Ree8
Rf7 53. Reg8+ Kf6 54. Re8 Re7 55. Rhf8+ Ke6 56. Rc8 Kd5 0-1

[Event "9. Copa Itau de Xadrez"]
[Site "Sao Paulo BRA"]
[Date "2005.10.05"]
[Round "4.5"]
[White "Pelikian, Jefferson"]
[Black "Molina, Roberto"]
[Result "0-1"]
[WhiteElo "2406"]
[BlackElo "2238"]
[PlyCount "80"]
[EventDate "2005.10.02"]
[EventType "swiss"]
[EventRounds "9"]
[EventCountry "BRA"]
[Source "lmi"]
[SourceDate "2005.10.11"]

1. e4 c6 2. d4 d5 3. exd5 cxd5 4. Bd3 Nc6 5. c3 Nf6 6. h3 g6 7. Nf3 Bg7 8. O-O
O-O 9. Bf4 Bf5 10. Re1 Bxd3 11. Qxd3 e6 12. Nbd2 a6 13. a3 Ne8 14. g4 Nd6 15.
Kg2 b5 16. h4 Qd7 17. Bg3 Nc4 18. Nxc4 dxc4 19. Qe4 Ne7 20. h5 gxh5 21. gxh5
Qd5 22. Qxd5 Nxd5 23. Re4 a5 24. Rh1 h6 25. Nd2 Rfc8 26. Rg4 f5 27. Rgh4 b4 28.
Nb1 Bf6 29. R4h2 bxc3 30. bxc3 Ra7 31. Bd6 Rb7 32. Rh3 Kf7 33. Rg3 Rb2 34. Re1
Rd8 35. Bb4 axb4 36. axb4 Nf4+ 37. Kf3 Nd3 38. Rf1 Ra8 39. b5 Ra1 40. Rgg1 Bg5
0-1